000 00428nam a22001697a 4500
005 20220125161120.0
008 160211b xxu||||| |||| 00| 0 spa d
041 _aInglés
082 _a428 B993s
100 _aBygate, Martin
_93554
245 _aSpeaking
260 _aEstados Unidos
_bOxford University Press
_c1987
300 _a125 páginas
650 _aINGLES-ENSEÑANZA
_91244
650 _aLENGUAJE
_91316
942 _cBK
999 _c7634
_d7634